| 000 | 01025nam a2200229 i 4500 | ||
|---|---|---|---|
| 001 | 60495 | ||
| 003 | ES-MaACL | ||
| 005 | 20230906164237.0 | ||
| 007 | t| | ||
| 008 | 031105s1909 sp ||||1| spa d | ||
| 100 | 1 |
_aEspina y Capo, Antonio, _d1850-1930 _947840 |
|
| 245 | 1 | 0 |
_aMemoria leída en la solemne inauguración del Real Dispensario Antituberculero, Victoria Eugenia, el 28 de diciembre de 1908 / _cpor el director jefe... Antonio Espina y Capo. |
| 260 |
_aTetuan de Chamartín (Madrid) : _bBailly-Baillière, _c1909. |
||
| 300 |
_a34 p. : _bil., planos ; _c23 cm. |
||
| 530 | _aDisponible en formato digital. | ||
| 594 | _aPrecede al título: Ministerio de la Gobernación, Comisión Permanente contra la Tuberculosis. Junta Central. | ||
| 610 | 2 | 4 |
_aDispensario Antituberculoso (Madrid)- _vHistoria. _9157458 |
| 852 |
_aES-MaACL _jT-1213-F-7 |
||
| 852 |
_aES-MaACL _jT-1213-F-9 |
||
| 856 |
_uhttp://bdh-rd.bne.es/viewer.vm?id=0000187667&page=1 _zBiblioteca Digital Hispánica |
||
| 999 |
_c60495 _d60495 |
||